| 000 | 01037nam a2200337 a 4500 | ||
|---|---|---|---|
| 001 | 000108227 | ||
| 003 | CHAP | ||
| 005 | 20220329144004.0 | ||
| 008 | 131220s2011 dcuab |r| ||||||eng d | ||
| 010 | _a104689 | ||
| 011 | _a105661 | ||
| 020 | _a9781585761562 | ||
| 040 | _cCHAP | ||
| 082 | 0 | 4 |
_a551.6 _bR42 2011 |
| 245 | 1 | 0 |
_aReporting on climate change : _bunderstanding the science / _ceditado por L. Jeremy Richardson y Bud ward. |
| 250 | _a4 ed. | ||
| 260 |
_aWashington, DC. : _bEnvironmental Law Institute, _c2011. |
||
| 300 |
_axii, 96 p. : _bil., maps. |
||
| 504 | _aIncluye bibliogafía | ||
| 590 |
_aE5995AHE _b05 _c20131220 _lUCH01 _h1118 |
||
| 590 |
_aE5995AHE _b05 _c20131220 _lUCH01 _h1123 |
||
| 590 |
_aE5995AHE _b05 _c20131220 _lUCH01 _h1133 |
||
| 650 | 1 | 4 |
_aCambios climáticos. _917792 |
| 650 | 1 | 4 |
_aMedio ambiente _xProtección. _974106 |
| 650 | 1 | 4 |
_aPeriodismo. _987175 |
| 700 | 1 |
_aRichardson, L. Jeremy _eed. _9125159 |
|
| 700 | 1 |
_aWard, Bud _e, ed. _9125160 |
|
| 901 | _aBK | ||
| 942 | _cLIBRO | ||
| 942 | _n0 | ||
| 999 |
_c104689 _d104689 |
||